[Event "Warsaw YMCA Autumn-A 190th"]
[Site "Warsaw"]
[Date "2017.10.06"]
[Round "3"]
[White "Kasperkiewicz, Pawel"]
[Black "Rozowski, Marcin"]
[Result "1-0"]
[WhiteElo "2055"]
[BlackElo "1952"]
[PlyCount "63"]
[EventDate "2017.09.19"]
[EventType "tourn"]
[EventRounds "14"]
[EventCountry "POL"]
[SourceTitle "EXT 2019"]
[Source "ChessBase"]
[SourceDate "2018.10.10"]
[SourceVersion "1"]
[SourceVersionDate "2018.10.10"]
[SourceQuality "1"]

1. e4 c6 2. d4 d5 3. exd5 cxd5 4. c4 Nf6 5. Nc3 e6 6. Nf3 Bb4 7. Bd3 dxc4 8. Bxc4 0-0 9. 0-0 b6 10. Bg5 Bxc3 11. bxc3 Bb7 12. Ne5 Nbd7 13. f4 Qc7 14. Bxf6 Nxe5 15. fxe5 gxf6 16. exf6 Kh8 17. Be2 Qxc3 18. Bf3 Qe3+ 19. Kh1 Bxf3 20. Rxf3 Qg5 21. Qf1 Rg8 22. Re1 Rac8 23. Rg3 Qd2 24. Rxg8+ Rxg8 25. Rxe6 Qxa2 26. Re1 a5 27. Qf3 b5 28. d5 b4 29. d6 Qc4 30. d7 Qc7 31. Rd1 a4 32. Qd5 1-0

[Event "Warsaw YMCA Summer-A 187th"]
[Site "Warsaw"]
[Date "2017.08.10"]
[Round "10"]
[White "Omar, Mohamed"]
[Black "Rozowski, Marcin"]
[Result "0-1"]
[WhiteElo "1798"]
[BlackElo "1956"]
[PlyCount "94"]
[EventDate "2017.07.04"]
[EventType "swiss"]
[EventRounds "10"]
[EventCountry "POL"]
[SourceTitle "EXT 2018"]
[Source "ChessBase"]
[SourceDate "2017.10.13"]
[SourceVersion "1"]
[SourceVersionDate "2017.10.13"]
[SourceQuality "1"]

1. b3 d5 2. f4 Nf6 3. e3 c5 4. Bb2 Nc6 5. Nf3 g6 6. Bb5 Bg7 7. 0-0 0-0 8. Bxc6 bxc6 9. d3 Qb6 10. c4 Bf5 11. Nh4 Bg4 12. Qc2 Qc7 13. h3 Bd7 14. Nd2 a5 15. Rac1 Rfc8 16. Ba3 e5 17. Bxc5 exf4 18. exf4 Nh5 19. f5 Qd8 20. Bf2 g5 21. Nhf3 Nf4 22. d4 Ne2+ 23. Kh2 Nxc1 24. Rxc1 h6 25. Re1 Qf6 26. g4 Qd6+ 27. Bg3 Qb4 28. Ne5 Be8 29. Rf1 Bf6 30. Nd3 Qb6 31. Be5 Qd8 32. Nc5 Bxe5+ 33. dxe5 Qe7 34. Nd3 dxc4 35. Nxc4 Rd8 36. Qc3 c5 37. Nd6 Rxd6 38. exd6 Qxd6+ 39. Ne5 f6 40. Re1 Bf7 41. Kg1 fxe5 42. Rxe5 Qd4+ 43. Qxd4 cxd4 44. Kf1 a4 45. Re4 axb3 46. axb3 Rd8 47. b4 d3 0-1

[Event "Warsaw YMCA Summer-A 187th"]
[Site "Warsaw"]
[Date "2017.08.09"]
[Round "9"]
[White "Rozowski, Marcin"]
[Black "Koziol, Pawel"]
[Result "1/2-1/2"]
[WhiteElo "1956"]
[BlackElo "1951"]
[PlyCount "76"]
[EventDate "2017.07.04"]
[EventType "swiss"]
[EventRounds "10"]
[EventCountry "POL"]
[SourceTitle "EXT 2018"]
[Source "ChessBase"]
[SourceDate "2017.10.13"]
[SourceVersion "1"]
[SourceVersionDate "2017.10.13"]
[SourceQuality "1"]

1. Nf3 d6 2. d4 Nf6 3. c4 Nbd7 4. Nc3 e5 5. e4 Be7 6. Be2 0-0 7. 0-0 c6 8. Re1 Re8 9. Bf1 Qc7 10. Qc2 Nf8 11. h3 a6 12. a4 a5 13. Be3 Ng6 14. Nd2 Nh5 15. g3 Nhf4 16. Kh2 Ne6 17. Ne2 Bd7 18. Rac1 exd4 19. Nxd4 Nxd4 20. Bxd4 h5 21. Qc3 Bf8 22. Qf3 h4 23. Qh5 hxg3+ 24. fxg3 Ne5 25. Bxe5 Rxe5 26. Qf3 Rae8 27. Bg2 R8e6 28. Qd3 Rh6 29. Nf3 Reh5 30. Ng1 Qc8 31. h4 d5 32. cxd5 Qb8 33. e5 Rxe5 34. Rxe5 Qxe5 35. Qe4 Qxb2 36. Rb1 Qf2 37. Rxb7 cxd5 38. Qf3 Qxf3 1/2-1/2

[Event "Warsaw YMCA Summer-A 187th"]
[Site "Warsaw"]
[Date "2017.07.04"]
[Round "1"]
[White "Moskwinski, Marek"]
[Black "Rozowski, Marcin"]
[Result "1/2-1/2"]
[WhiteElo "1805"]
[BlackElo "1956"]
[PlyCount "67"]
[EventDate "2017.07.04"]
[EventType "swiss"]
[EventRounds "10"]
[EventCountry "POL"]
[SourceTitle "EXT 2018"]
[Source "ChessBase"]
[SourceDate "2017.10.13"]
[SourceVersion "1"]
[SourceVersionDate "2017.10.13"]
[SourceQuality "1"]

1. e4 c6 2. d4 d5 3. exd5 cxd5 4. Nf3 Bg4 5. Bd3 Nc6 6. c3 Nf6 7. Bf4 e6 8. Nbd2 Bd6 9. Bg3 0-0 10. 0-0 Rb8 11. Re1 Bxg3 12. hxg3 b5 13. Qc2 Bxf3 14. Nxf3 b4 15. Ne5 Qd6 16. Qa4 Rfc8 17. Nxc6 Qxc6 18. Qxc6 Rxc6 19. Rec1 Rbc8 20. Bb5 Rb6 21. Bd3 bxc3 22. Rxc3 Rxc3 23. bxc3 Kf8 24. Rb1 Rxb1+ 25. Bxb1 Ke7 26. Kf1 Kd6 27. Ke2 Kc6 28. Bd3 g6 29. Ke3 h6 30. f3 Nd7 31. c4 dxc4 32. Bxc4 Nb6 33. Bb3 Kd6 34. g4 1/2-1/2

[Event "Warsaw YMCA Winter-A 179th"]
[Site "Warsaw"]
[Date "2017.03.10"]
[Round "9"]
[White "Rozowski, Marcin"]
[Black "Szymczak, Rafal"]
[Result "1/2-1/2"]
[WhiteElo "1992"]
[BlackElo "1995"]
[PlyCount "75"]
[EventDate "2017.01.13"]
[EventType "tourn"]
[EventRounds "11"]
[EventCountry "POL"]
[SourceTitle "EXT 2018"]
[Source "ChessBase"]
[SourceDate "2017.10.13"]
[SourceVersion "1"]
[SourceVersionDate "2017.10.13"]
[SourceQuality "1"]

1. Nf3 d5 2. d4 e6 3. c4 c6 4. Qc2 f5 5. Bf4 Nf6 6. e3 Be7 7. Bd3 Ne4 8. Nc3 0-0 9. g4 Nxc3 10. bxc3 Nd7 11. Rg1 dxc4 12. Bxc4 Nb6 13. Bd3 Nd5 14. Be5 Rf7 15. Ke2 Qa5 16. Rac1 Ba3 17. Ng5 Bxc1 18. Rxc1 g6 19. Nxf7 Kxf7 20. e4 fxe4 21. Bxe4 b6 22. Qd2 Ba6+ 23. Ke1 Ke8 24. c4 Qxd2+ 25. Kxd2 Ne7 26. h4 Rd8 27. Kc3 Kd7 28. Rh1 b5 29. h5 bxc4 30. hxg6 hxg6 31. Rh7 Ke8 32. Bf6 Nd5+ 33. Bxd5 Rxd5 34. a4 Rd7 35. Rh8+ Kf7 36. g5 Rb7 37. Rh7+ Ke8 38. Rxb7 1/2-1/2

[Event "Warsaw YMCA Winter-A 179th"]
[Site "Warsaw"]
[Date "2017.03.01"]
[Round "8"]
[White "Piotrowski, Arkadiusz"]
[Black "Rozowski, Marcin"]
[Result "1/2-1/2"]
[WhiteElo "1955"]
[BlackElo "1992"]
[PlyCount "96"]
[EventDate "2017.01.13"]
[EventType "tourn"]
[EventRounds "11"]
[EventCountry "POL"]
[SourceTitle "EXT 2018"]
[Source "ChessBase"]
[SourceDate "2017.10.13"]
[SourceVersion "1"]
[SourceVersionDate "2017.10.13"]
[SourceQuality "1"]

1. e4 c6 2. d4 d5 3. e5 Bf5 4. g4 Be4 5. Nf3 e6 6. Nc3 Bg6 7. Be3 Qb6 8. Rb1 c5 9. Be2 Nc6 10. dxc5 Bxc5 11. Bxc5 Qxc5 12. 0-0 Nge7 13. Re1 0-0 14. Bd3 Rac8 15. Qe2 Nb4 16. a3 Nxd3 17. cxd3 a6 18. d4 Qc4 19. Rbd1 b5 20. Qe3 Qc7 21. Nh4 Nc6 22. f4 Qe7 23. Qg3 Be4 24. Nxe4 dxe4 25. Rxe4 Rcd8 26. g5 g6 27. Nf3 Qa7 28. Kh1 Ne7 29. h4 Rc8 30. Re2 Nf5 31. Qf2 Qb7 32. Kh2 Rfd8 33. h5 Rc4 34. Red2 Qc6 35. Kg1 Qe4 36. Nh2 gxh5 37. Re1 Qd5 38. Nf3 Rdc8 39. Red1 Rc1 40. Ne1 Rxd1 41. Rxd1 Rc4 42. Nc2 Qe4 43. Rd2 Kg7 44. Re2 Qd3 45. Rd2 Qe4 46. Re2 Qd3 47. Rd2 Qe4 48. Re2 Qd3 1/2-1/2

[Event "Warsaw YMCA Autumn-A 174th"]
[Site "Warsaw"]
[Date "2016.12.09"]
[Round "12"]
[White "Rozowski, Marcin"]
[Black "Szymczak, Rafal"]
[Result "1/2-1/2"]
[WhiteElo "1996"]
[BlackElo "2007"]
[PlyCount "28"]
[EventDate "2016.09.23"]
[EventType "tourn"]
[EventRounds "13"]
[EventCountry "POL"]
[SourceTitle "EXT 2018"]
[Source "ChessBase"]
[SourceDate "2017.10.13"]
[SourceVersion "1"]
[SourceVersionDate "2017.10.13"]
[SourceQuality "1"]

1. Nf3 d5 2. d4 e6 3. c4 Nf6 4. g3 c6 5. Qc2 Ne4 6. Bg2 Bd6 7. 0-0 0-0 8. Nbd2 f5 9. Ne1 Nd7 10. Ndf3 Qe7 11. Nd3 b6 12. Qa4 Bb7 13. Bf4 Bxf4 14. Nxf4 a5 1/2-1/2

[Event "Warsaw YMCA Autumn-A 174th"]
[Site "Warsaw"]
[Date "2016.11.11"]
[Round "8"]
[White "Rozowski, Marcin"]
[Black "Malicka, Maria"]
[Result "1/2-1/2"]
[WhiteElo "1996"]
[BlackElo "1901"]
[PlyCount "88"]
[EventDate "2016.09.23"]
[EventType "tourn"]
[EventRounds "13"]
[EventCountry "POL"]
[SourceTitle "EXT 2018"]
[Source "ChessBase"]
[SourceDate "2017.10.13"]
[SourceVersion "1"]
[SourceVersionDate "2017.10.13"]
[SourceQuality "1"]

1. Nf3 c5 2. c4 Nc6 3. d4 cxd4 4. Nxd4 e6 5. Nc3 Nf6 6. Ndb5 d6 7. Bf4 e5 8. Bg5 a6 9. Na3 Be7 10. e4 Be6 11. Bxf6 Bxf6 12. Be2 0-0 13. 0-0 Rc8 14. Nd5 Bg5 15. Nc2 f5 16. exf5 Bxf5 17. Nce3 Be6 18. Bg4 Bxg4 19. Qxg4 Nd4 20. Rad1 Kh8 21. b3 b5 22. Rxd4 exd4 23. Qxd4 Bxe3 24. Nxe3 bxc4 25. Nxc4 d5 26. Ne3 Qa5 27. g4 Rfd8 28. Nf5 Qc3 29. Rd1 Qxd4 30. Rxd4 Rc2 31. a4 a5 32. Rd3 g6 33. Nd4 Rc1+ 34. Kg2 Kg8 35. Ne2 Rc2 36. Nd4 Rc1 37. Ne2 Rc2 38. Nd4 Rb2 39. Kg3 Rb8 40. Nb5 Rf8 41. f3 Re8 42. Nd4 Re1 43. h4 Reb1 44. Kf4 Kf7 1/2-1/2

[Event "Warsaw YMCA Autumn-A 174th"]
[Site "Warsaw"]
[Date "2016.11.04"]
[Round "7"]
[White "Praczukowski, Stanislaw"]
[Black "Rozowski, Marcin"]
[Result "1/2-1/2"]
[WhiteElo "2100"]
[BlackElo "1996"]
[PlyCount "64"]
[EventDate "2016.09.23"]
[EventType "tourn"]
[EventRounds "13"]
[EventCountry "POL"]
[SourceTitle "EXT 2018"]
[Source "ChessBase"]
[SourceDate "2017.10.13"]
[SourceVersion "1"]
[SourceVersionDate "2017.10.13"]
[SourceQuality "1"]

1. e4 c6 2. d4 d5 3. exd5 cxd5 4. Bd3 Nc6 5. c3 g6 6. h3 Nh6 7. Nf3 Bf5 8. 0-0 Bxd3 9. Qxd3 Bg7 10. Bxh6 Bxh6 11. Qb5 Qd7 12. Ne1 0-0 13. Nd3 Ne5 14. Qxd7 Nxd7 15. f4 e6 16. Nd2 Rfc8 17. Rae1 b5 18. g4 a5 19. a3 Bf8 20. f5 exf5 21. gxf5 Rab8 22. fxg6 hxg6 23. Ne5 Nxe5 24. Rxe5 Rd8 25. b4 axb4 26. axb4 Ra8 27. Nb3 Ra3 28. Rb1 Bd6 29. Re3 Bf4 30. Rf3 Bd6 31. Re3 Bf4 32. Rf3 Bd6 1/2-1/2

[Event "Warsaw YMCA Autumn-A 174th"]
[Site "Warsaw"]
[Date "2016.10.28"]
[Round "6"]
[White "Rozowski, Marcin"]
[Black "Kasperkiewicz, Pawel"]
[Result "1/2-1/2"]
[WhiteElo "1996"]
[BlackElo "1908"]
[PlyCount "36"]
[EventDate "2016.09.23"]
[EventType "tourn"]
[EventRounds "13"]
[EventCountry "POL"]
[SourceTitle "EXT 2018"]
[Source "ChessBase"]
[SourceDate "2017.10.13"]
[SourceVersion "1"]
[SourceVersionDate "2017.10.13"]
[SourceQuality "1"]

1. Nf3 Nf6 2. c4 c5 3. g3 b6 4. Bg2 Bb7 5. 0-0 g6 6. Nc3 Bg7 7. b3 0-0 8. Bb2 d5 9. Nxd5 Nxd5 10. Bxg7 Kxg7 11. cxd5 Qxd5 12. d4 Na6 13. dxc5 Nxc5 14. Qxd5 Bxd5 15. Rfd1 Rfd8 16. Ne5 Bxg2 17. Kxg2 Rac8 18. Rac1 Rxd1 1/2-1/2

[Event "Warsaw YMCA Autumn-A 174th"]
[Site "Warsaw"]
[Date "2016.09.23"]
[Round "1"]
[White "Rozowski, Marcin"]
[Black "Wojtaszewski, Piotr"]
[Result "1-0"]
[WhiteElo "1996"]
[BlackElo "1998"]
[PlyCount "81"]
[EventDate "2016.09.23"]
[EventType "tourn"]
[EventRounds "13"]
[EventCountry "POL"]
[SourceTitle "EXT 2018"]
[Source "ChessBase"]
[SourceDate "2017.10.13"]
[SourceVersion "1"]
[SourceVersionDate "2017.10.13"]
[SourceQuality "1"]

1. Nf3 Nf6 2. c4 e6 3. g3 b6 4. Bg2 Bb7 5. 0-0 Be7 6. Nc3 0-0 7. Re1 Ne4 8. Nxe4 Bxe4 9. d3 Bb7 10. e4 d5 11. cxd5 exd5 12. Bf4 Na6 13. Nd4 Nc5 14. Nf5 dxe4 15. dxe4 Ne6 16. Nxe7+ Qxe7 17. Be3 Rfd8 18. Qa4 c5 19. Rad1 a6 20. Qb3 b5 21. a4 c4 22. Qc3 h6 23. axb5 axb5 24. Qe5 Qb4 25. Qc3 Qxc3 26. bxc3 Rxd1 27. Rxd1 Ra3 28. Rc1 Ng5 29. f3 b4 30. Bxg5 b3 31. Be7 Ra2 32. Rb1 Ba6 33. Bf1 f6 34. Bb4 Kf7 35. f4 Ke8 36. e5 Kf7 37. Bh3 Bb7 38. e6+ Kg6 39. e7 Bc6 40. Bf1 b2 41. Kf2 1-0

[Event "Warsaw YMCA Summer-A 156th"]
[Site "Warsaw"]
[Date "2015.08.07"]
[Round "9"]
[White "Rozowski, Marcin"]
[Black "Maj, Pawel"]
[Result "1/2-1/2"]
[WhiteElo "1915"]
[BlackElo "2129"]
[PlyCount "48"]
[EventDate "2015.07.01"]
[EventType "tourn"]
[EventRounds "10"]
[EventCountry "POL"]
[SourceTitle "EXT 2019"]
[Source "ChessBase"]
[SourceDate "2018.10.10"]
[SourceVersion "1"]
[SourceVersionDate "2018.10.10"]
[SourceQuality "1"]

1. Nf3 Nf6 2. c4 d5 3. d4 dxc4 4. e3 Bg4 5. Bxc4 e6 6. Nc3 Be7 7. 0-0 a6 8. Be2 c5 9. Qa4+ Nbd7 10. dxc5 Bxc5 11. Ne4 b5 12. Nxf6+ Nxf6 13. Qb3 0-0 14. Rd1 Qb6 15. Bd2 Rac8 16. Rac1 e5 17. Bb4 Be6 18. Bxc5 Rxc5 19. Qa3 Rfc8 20. b4 Rxc1 21. Rxc1 Rxc1+ 22. Qxc1 Qd6 23. a3 h6 24. h3 Nd7 1/2-1/2

[Event "Warsaw YMCA Summer-A 156th"]
[Site "Warsaw"]
[Date "2015.08.05"]
[Round "8"]
[White "Rozowski, Marcin"]
[Black "Kasperkiewicz, Pawel"]
[Result "1/2-1/2"]
[WhiteElo "1915"]
[BlackElo "1963"]
[PlyCount "75"]
[EventDate "2015.07.01"]
[EventType "tourn"]
[EventRounds "10"]
[EventCountry "POL"]
[SourceTitle "EXT 2019"]
[Source "ChessBase"]
[SourceDate "2018.10.10"]
[SourceVersion "1"]
[SourceVersionDate "2018.10.10"]
[SourceQuality "1"]

1. Nf3 Nf6 2. c4 c6 3. d4 d5 4. Qc2 g6 5. Bf4 Bf5 6. Qb3 Qb6 7. c5 Qxb3 8. axb3 Na6 9. e3 Nb4 10. Na3 Bg7 11. Be2 0-0 12. 0-0 b6 13. cxb6 axb6 14. Rac1 Nd7 15. Rfd1 Rfe8 16. h3 e5 17. dxe5 Nxe5 18. Nd4 Bd7 19. Rd2 Ra5 20. Nac2 Nxc2 21. Rdxc2 c5 22. b4 cxd4 23. bxa5 d3 24. Bxe5 dxc2 25. Bxg7 Kxg7 26. Rxc2 bxa5 27. Rc5 Rb8 28. Rxa5 Rxb2 29. Bf3 Rb5 30. Rxb5 Bxb5 31. Bxd5 g5 32. f3 h6 33. Kf2 f6 34. Kg3 Bf1 35. f4 Bd3 36. e4 gxf4+ 37. Kxf4 Bc2 38. g4 1/2-1/2

[Event "Warsaw YMCA Summer-A 156th"]
[Site "Warsaw"]
[Date "2015.07.21"]
[Round "3"]
[White "Kasperkiewicz, Pawel"]
[Black "Rozowski, Marcin"]
[Result "1/2-1/2"]
[WhiteElo "1963"]
[BlackElo "1915"]
[PlyCount "75"]
[EventDate "2015.07.01"]
[EventType "tourn"]
[EventRounds "10"]
[EventCountry "POL"]
[SourceTitle "EXT 2019"]
[Source "ChessBase"]
[SourceDate "2018.10.10"]
[SourceVersion "1"]
[SourceVersionDate "2018.10.10"]
[SourceQuality "1"]

1. e4 c6 2. d4 d5 3. Nd2 dxe4 4. Nxe4 Nd7 5. Bc4 Ngf6 6. Ng5 e6 7. Qe2 Nb6 8. Bd3 Bd6 9. N1f3 h6 10. Ne4 Nxe4 11. Qxe4 Qc7 12. 0-0 Nd5 13. c4 Nf6 14. Qe2 b6 15. b3 0-0 16. Bb2 Qe7 17. a3 Bb7 18. Rfe1 Rfe8 19. Bc2 Rad8 20. b4 a5 21. c5 Bc7 22. bxa5 b5 23. Bc3 Ra8 24. Qd2 Qd8 25. a4 Bxa5 26. axb5 Bxc3 27. Qxc3 cxb5 28. Rxa8 Bxa8 29. Ne5 Qc7 30. Ra1 Rc8 31. Qa5 Qb7 32. c6 Qb8 33. Bd3 Bxc6 34. Nxc6 Rxc6 35. Qxb5 Qxb5 36. Ra8+ Rc8 37. Rxc8+ Qe8 38. Rxe8+ 1/2-1/2

[Event "Warsaw Najdorf Memorial op-B 13th"]
[Site "Warsaw"]
[Date "2015.07.17"]
[Round "8"]
[White "Rozowski, Marcin"]
[Black "Krasenkova, Ilena"]
[Result "1/2-1/2"]
[WhiteElo "1915"]
[BlackElo "2106"]
[PlyCount "145"]
[EventDate "2015.07.10"]
[EventType "swiss"]
[EventRounds "9"]
[EventCountry "POL"]
[SourceTitle "CBM 167 Extra"]
[Source "ChessBase"]
[SourceDate "2015.09.14"]
[SourceVersion "1"]
[SourceVersionDate "2015.09.14"]
[SourceQuality "1"]

1. c4 Nf6 2. Nc3 d5 3. d4 e6 4. cxd5 exd5 5. Bg5 Be7 6. e3 c6 7. Bd3 Qb6 8. Qc2 Bg4 9. Nge2 Nbd7 10. h3 Bxe2 11. Qxe2 0-0 12. 0-0 Rfe8 13. Rab1 a6 14. b4 Qa7 15. a4 a5 16. bxa5 Qxa5 17. Qc2 Ra7 18. Bf4 h6 19. Bf5 Nf8 20. Rb3 Bb4 21. Rfb1 Bxc3 22. Rxc3 Ne4 23. Bxe4 dxe4 24. Rc5 Qa6 25. Bc7 Qd3 26. Qxd3 exd3 27. Rc3 Ne6 28. Bg3 Rxa4 29. Rxd3 Re7 30. Rdb3 Nd8 31. Bd6 Rd7 32. Bc5 f6 33. Kf1 Ra2 34. R3b2 Rxb2 35. Rxb2 Ne6 36. Ke2 Kf7 37. Bb6 f5 38. f3 Ke7 39. Ra2 f4 40. Ra7 fxe3 41. Kxe3 Kd6 42. Ra5 Rf7 43. g3 Nc7 44. Bxc7+ Rxc7 45. f4 b5 46. Kd3 Rb7 47. Kc3 Kd5 48. Ra6 Re7 49. Kd3 Re4 50. Ra7 Rxd4+ 51. Kc3 Kc5 52. Rxg7 b4+ 53. Kc2 Kc4 54. Rb7 Re4 55. Rb6 c5 56. Rxh6 Re2+ 57. Kd1 Rg2 58. g4 b3 59. Rb6 b2 60. f5 Kc3 61. f6 Rf2 62. g5 Rf4 63. Ke2 Rb4 64. Rxb4 cxb4 65. f7 b1Q 66. f8Q Qe4+ 67. Kf2 Qh4+ 68. Kf3 Qxg5 69. Qc8+ Kb2 70. Qh8+ Kb3 71. h4 Qf5+ 72. Kg3 Qc2 73. Qd4 1/2-1/2

[Event "Warsaw YMCA Summer-A 156th"]
[Site "Warsaw"]
[Date "2015.07.09"]
[Round "2"]
[White "Rozowski, Marcin"]
[Black "Celinski, Kamil"]
[Result "1-0"]
[WhiteElo "1915"]
[BlackElo "1845"]
[PlyCount "69"]
[EventDate "2015.07.01"]
[EventType "tourn"]
[EventRounds "10"]
[EventCountry "POL"]
[SourceTitle "EXT 2019"]
[Source "ChessBase"]
[SourceDate "2018.10.10"]
[SourceVersion "1"]
[SourceVersionDate "2018.10.10"]
[SourceQuality "1"]

1. Nf3 Nf6 2. g3 g6 3. c4 d5 4. cxd5 Nxd5 5. Nc3 Bg7 6. Bg2 Nc6 7. 0-0 0-0 8. Nxd5 Qxd5 9. d3 Qb5 10. Rb1 Be6 11. b3 Nb4 12. Qd2 Rfd8 13. Bb2 Bxb2 14. Qxb2 Qa5 15. a3 Nd5 16. Nd4 Bg4 17. h3 c5 18. b4 Qa4 19. bxc5 Nc7 20. hxg4 Qxd4 21. Qxd4 Rxd4 22. Rxb7 Ne6 23. Rxe7 Rc8 24. c6 Ra4 25. Rb1 Rxa3 26. Rbb7 Nd4 27. Rxf7 Nxe2+ 28. Kh2 Rxd3 29. Rg7+ Kh8 30. Rxh7+ Kg8 31. Rbg7+ Kf8 32. Rxg6 a5 33. Rh8+ Kf7 34. Rxc8 Kxg6 35. Be4+ 1-0

[Event "Warsaw YMCA Winter 150th"]
[Site "Warsaw"]
[Date "2015.02.13"]
[Round "6"]
[White "Safanowski, Tomasz"]
[Black "Rozowski, Marcin"]
[Result "0-1"]
[WhiteElo "1870"]
[BlackElo "1904"]
[PlyCount "74"]
[EventDate "2015.01.08"]
[EventType "tourn"]
[EventRounds "13"]
[EventCountry "POL"]
[SourceTitle "EXT 2019"]
[Source "ChessBase"]
[SourceDate "2018.10.10"]
[SourceVersion "1"]
[SourceVersionDate "2018.10.10"]
[SourceQuality "1"]

1. d4 d5 2. Nf3 Nf6 3. e3 Bg4 4. Be2 e6 5. 0-0 Nbd7 6. c4 c6 7. Nc3 Be7 8. Bd2 0-0 9. c5 Qc7 10. h3 Bh5 11. b4 a6 12. a4 e5 13. g4 Bg6 14. Nxe5 Nxe5 15. dxe5 Ne4 16. Nxe4 dxe4 17. Bc3 a5 18. Qb3 Kh8 19. f4 exf3 20. Rxf3 Be4 21. Rxf7 Bd5 22. Rxf8+ Rxf8 23. Bc4 axb4 24. Qxb4 Bg5 25. Bd4 Bxe3+ 26. Bxe3 Qxe5 27. Qe1 Bxc4 28. Bf2 Qf6 29. Ra3 Bd5 30. Re3 h6 31. a5 Qf4 32. Rc3 Qb4 33. Rc1 Qa3 34. Qc3 Qa2 35. Rc2 Qb1+ 36. Rc1 Qe4 37. Kf1 Qg2+ 0-1

[Event "Warsaw YMCA Winter 150th"]
[Site "Warsaw"]
[Date "2015.02.04"]
[Round "11"]
[White "Rozowski, Marcin"]
[Black "Kosny, Marek"]
[Result "1-0"]
[WhiteElo "1904"]
[BlackElo "1918"]
[PlyCount "109"]
[EventDate "2015.01.08"]
[EventType "tourn"]
[EventRounds "13"]
[EventCountry "POL"]
[SourceTitle "EXT 2019"]
[Source "ChessBase"]
[SourceDate "2018.10.10"]
[SourceVersion "1"]
[SourceVersionDate "2018.10.10"]
[SourceQuality "1"]

1. d4 Nf6 2. c4 e6 3. Nf3 d5 4. g3 Be7 5. Bg2 0-0 6. 0-0 Nbd7 7. Qc2 c5 8. cxd5 Nxd5 9. Nc3 Nb4 10. Qb1 Bf6 11. Be3 Qe7 12. a3 Nc6 13. d5 Nce5 14. dxe6 Qxe6 15. Ng5 Bxg5 16. Bxg5 Qg4 17. Bf4 Qh5 18. Qc2 Nf6 19. Ne4 Nxe4 20. Bxe4 Re8 21. Rfd1 Ng4 22. h4 Nf6 23. Bf3 Bg4 24. Bxb7 Bxe2 25. Bxa8 Rxa8 26. Rd2 Bf3 27. Rad1 Re8 28. Rd8 Bxd1 29. Qxd1 Qxd1+ 30. Rxd1 Rc8 31. Be5 Ne8 32. Rc1 a5 33. Rc4 f6 34. Bd4 Kf7 35. Rxc5 Rxc5 36. Bxc5 a4 37. Kf1 Ke6 38. Ke2 Kd5 39. Bf8 Kc4 40. Ke3 g6 41. Ke4 Nc7 42. Be7 Ne8 43. g4 Kb3 44. Kd5 f5 45. gxf5 gxf5 46. Ke5 Kxb2 47. Kxf5 Nc7 48. Ke5 Nb5 49. f4 Nxa3 50. f5 Nc4+ 51. Ke6 a3 52. Bxa3+ Nxa3 53. f6 Nb5 54. f7 Nd4+ 55. Kf6 1-0

[Event "Warsaw YMCA Autumn-B 146th"]
[Site "Warsaw"]
[Date "2014.11.06"]
[Round "8"]
[White "Staniak, Mariusz"]
[Black "Rozowski, Marcin"]
[Result "1/2-1/2"]
[WhiteElo "1818"]
[BlackElo "1886"]
[PlyCount "112"]
[EventDate "2014.09.17"]
[EventType "tourn"]
[EventRounds "13"]
[EventCountry "POL"]
[SourceTitle "EXT 2019"]
[Source "ChessBase"]
[SourceDate "2018.10.10"]
[SourceVersion "1"]
[SourceVersionDate "2018.10.10"]
[SourceQuality "1"]

1. d4 d5 2. Nf3 Nf6 3. c4 c6 4. Nc3 dxc4 5. e4 b5 6. e5 Nd5 7. a4 e6 8. axb5 Nxc3 9. bxc3 cxb5 10. Ng5 Bb7 11. Qh5 g6 12. Qg4 Be7 13. h4 h6 14. Ne4 Qd5 15. f3 Nc6 16. Ba3 b4 17. Bxb4 Nxb4 18. cxb4 Bxb4+ 19. Ke2 Be7 20. Nc3 Qd7 21. Ke3 Bd5 22. Be2 h5 23. Qg3 Rb8 24. Rhb1 Rb3 25. Rxb3 cxb3 26. Nxd5 exd5 27. Bd3 g5 28. hxg5 h4 29. Qh3 Qxh3 30. gxh3 Bxg5+ 31. f4 Bd8 32. Rxa7 Rg8 33. Bf5 Rg3+ 34. Kd2 Bb6 35. Ra4 Rf3 36. Bg4 Rxf4 37. Kc3 b2 38. Kxb2 Bxd4+ 39. Kb3 Bxe5 40. Rxf4 Bxf4 41. Bf3 d4 42. Kc4 Be3 43. Kd5 Ke7 44. Bg4 Kf6 45. Ke4 Bg1 46. Bd7 Ke7 47. Bf5 Kd6 48. Bh7 Kc5 49. Bg8 f6 50. Kf5 d3 51. Kxf6 Kb4 52. Bh7 Kc3 53. Be4 Kd4 54. Bc6 d2 55. Ba4 Ke3 56. Kf5 Kf3 1/2-1/2

[Event "Warsaw YMCA Autumn-B 146th"]
[Site "Warsaw"]
[Date "2014.09.25"]
[Round "2"]
[White "Tegi, Robert"]
[Black "Rozowski, Marcin"]
[Result "1/2-1/2"]
[WhiteElo "1796"]
[BlackElo "1886"]
[PlyCount "57"]
[EventDate "2014.09.17"]
[EventType "tourn"]
[EventRounds "13"]
[EventCountry "POL"]
[SourceTitle "EXT 2019"]
[Source "ChessBase"]
[SourceDate "2018.10.10"]
[SourceVersion "1"]
[SourceVersionDate "2018.10.10"]
[SourceQuality "1"]

1. d4 d5 2. c4 c6 3. Nf3 Nf6 4. Nc3 a6 5. c5 Nbd7 6. Bf4 Nh5 7. Bd2 g6 8. e4 dxe4 9. Nxe4 Bg7 10. Bc4 0-0 11. Bc3 Nhf6 12. Ng3 e5 13. Nxe5 Nxe5 14. dxe5 Nd7 15. f4 Nxc5 16. 0-0 Qxd1 17. Raxd1 Bg4 18. Be2 Bxe2 19. Nxe2 a5 20. Bd4 Ne6 21. Be3 Bh6 22. Rd7 b5 23. g3 Rfd8 24. Rfd1 Rxd7 25. Rxd7 Bf8 26. Nc3 a4 27. Ne4 Rd8 28. Rxd8 Nxd8 29. Kf2 1/2-1/2

[Event "Warsaw YMCA Spring-B 139th"]
[Site "Warsaw"]
[Date "2014.05.08"]
[Round "5"]
[White "Rozowski, Marcin"]
[Black "Lewandrowski, Tomasz"]
[Result "0-1"]
[WhiteElo "1904"]
[BlackElo "1854"]
[PlyCount "56"]
[EventDate "2014.04.08"]
[EventType "tourn"]
[EventRounds "11"]
[EventCountry "POL"]
[SourceTitle "EXT 2015"]
[Source "ChessBase"]
[SourceDate "2014.11.20"]
[SourceVersion "1"]
[SourceVersionDate "2014.11.20"]
[SourceQuality "1"]

1. e4 c5 2. c3 g6 3. d4 cxd4 4. cxd4 d5 5. Nc3 dxe4 6. Bc4 Nf6 7. Qb3 e6 8. d5 Bg7 9. dxe6 0-0 10. exf7+ Kh8 11. Bf4 Nc6 12. Nge2 Na5 13. Qb4 Nxc4 14. Qxc4 Qe7 15. Bg5 Be6 16. Bxf6 Qxf6 17. Qxe4 Qxf7 18. 0-0 Bc4 19. Qc2 Rac8 20. f3 Bxa2 21. Qa4 Bc4 22. Rfe1 a6 23. Qa3 Qc7 24. Rad1 Rfd8 25. Rxd8+ Rxd8 26. Qa1 Rd2 27. Qc1 Qb6+ 28. Kh1 Qxb2 0-1